Quizzes
Events
Quiz Creation
Community
Videos
Private Events
Remove Ads
Sign In
Join for FREE
Feedback
Dark Mode
Quiz Categories
Sports
Geography
Music
Movies
Television
Just For Fun
Miscellaneous
History
Literature
Language
Science
Gaming
Entertainment
Religion
Holiday
For Kids
Quiz Lab
Recent
Popular Today
Quiz Kudos Today
Editor Picks
Curator Picks
Quizzes by...
Day
Popularity
Type
Ratings
Length
Year
Community
Subscriptions
Recent Discussions
Orange Saloon
Badges
Playlists
Quests
Create
Leaderboards
Showdown
Live 5
Trivia Bingo
Activity
Puzzle Library
Sporcle Events
Private Events
Virtual Trivia
Globe League
Become a Host
Pub Owners
SporcleCon
Opinionation
Our Games
Videos
Blog
Mobile Apps
Partnerships
Remove Ads and Go Orange
Feedback
Television
TV Characters
TV Show
Sitcom
Network
Friends
Reality Shows
Cast
South Park
Star Trek
The Simpsons
Doctor Who
Television
TV Characters
TV Show
Sitcom
Network
Friends
Reality Shows
Cast
South Park
Star Trek
The Simpsons
Doctor Who
Random Quiz
Search Sporcle
×
Quiz Lab
Quiz Lab
Television
Nintendo
Type in answers that appear in a list
Type in answers that appear in a list
Classic
Best Score? Go Orange.
Thomas and Friends Engines by Number Stats
Can you name the Thomas and Friends Engines by Number?
By
MyrtleT
6m
22 Questions
1,377 Plays
1,377 Plays
1,377 Plays
Comments
Comments
Give Quiz Kudos
Give Quiz Kudos
-
- Ratings
hide this ad
More Info
Forced Order
Answers have to be entered in order
Answers have to be entered in order
Replay
Link that replays current quiz
Next Quiz
Link to next quiz in quiz playlist
You Got
0%
They Got
Avg Score
69%
Avg Friend Score
Upgrade to see
Score Distribution
Jump to the score distribution portion of the page
Score
0/22
Timer
06:00
0
Plays Today
Number
Engine
% Correct
1
Thomas
99.7%
2
Edward
96.8%
3
Henry
95.6%
4
Gordon
95.4%
5
James
95.1%
6
Percy
95.1%
7
Toby
92.7%
8
Duck
85.4%
9
Donald
85%
10
Douglas
83.8%
11
Oliver
77.9%
Number
Engine
% Correct
1
Skarloey
56.9%
4
Peter Sam
54.8%
2
Rheneas
53.9%
3
Sir Handel
53.5%
5
Rusty
52.1%
6
Duncan
51.3%
14
Charlie
51.2%
51
Hiro
48.7%
27
Harvey
41.4%
7
Fearless Freddie
41.1%
66
Whiff
32.2%
Quiz Playlist
Details
Report
Send in Message
Add To Playlist
More Info:
This game covers both narrow gauge and standard gauge engines. The main characters (numbers 1-7) are all members of The Steam Team.
Classic:
Type in answers that appear in a list
Forced Order:
Answers have to be entered in order
Quiz Source
Last Updated: Feb 16, 2017
Quiz Scoreboard
CHALLENGE
Sign Up to Join the Scoreboard
Show All
Scores
Hide
Comments
May contain spoilers
Recently Published
Movies - When Are They Set?
by FPL_Elf
Movies
5m
Popular People in 1961
by mucciniale
History
6m
1-10 Letter E Words III
by El_Dandy
Language
2m
More to Explore
Quiz From the Vault
Featured Blog Post
Where Did the Easter Bunny Come From?
hide this ad
You Might Also Like...
Tags
Nintendo Quiz
Childrens TV
train
Today's Top Quizzes in Television
Browse Television
hide this ad
Today's Top Quizzes in Nintendo
Browse Nintendo
Top Contributed Quizzes in Television
1
One Piece Logic Puzzle
2
Survivor Logic Puzzle: Heroes vs. Villains
3
Survivor Seasons
4
Survivor Season by Logo
5
Survivor Trivia
6
One Thing in Common: Television
7
Who Wants to Be a Millionaire?
8
Survivor Logic Puzzle: Winners at War
9
Ultimate Survivor Logic Puzzle
10
Phoebe Buffay Quotes
Explore More
Trending Topics
Marvel
Harry Potter
NBA
Anime
Kpop
Crossword
Disney
WWE
NFL
The Office
Soccer
Song
Country
Puzzle
Pokémon
hide this ad
More By:
MyrtleT
Quiz
Plays
Rating
Category
Featured
Created
Lego Dimensions Characters
1,457
4.33
Gaming
Feb 21, 2016
Thomas and Friends Engines by Number
1,377
5.00
Television
Dec 30, 2012
Items in Untitled Goose Game
194
5.00
Gaming
Sep 29, 2019
Nintendo Switch Game by Characters
55
3.00
Gaming
Apr 24, 2022
Papillary Thyroid Carcinoma Criteria
11
Science
Oct 24, 2012
Go to Creator's Profile
Score Distribution
Quiz Creator Spotlight
MyrtleT
Follow
Send a Message
Quizzes Created
-
Created Quiz Play Count
-
More By This Creator
Popular Quizzes Today
1
Find the Countries of Europe - No Outlines Minefield
2
Find the US States - No Outlines Minefield
3
The Countries of the World
4
Popular People in 1961
5
US States
6
1-10 Letter E Words III
7
Find the US States
8
One Thing in Common: World Cities II
More Television Quizzes
Trimmed TV Shows
Editor's Pick
Trending Quizzes
Risky Map Clicking: Least Populous States A-Z
1-10 Letter F Words
Humor Books: The Subtitles
1-10 Letter G Words
One Thing in Common: United Kingdom
Recently Updated
Leaping Animals
pecheneg
Reality TV Shows (A-Z)
bhenderson79
Rickey Henderson's Hall of Fame Teammates
pecheneg
Champions League XIs: Arsenal
pecheneg
Quick Pick: Celebrities in WWE's Hall of Fame
aduchscher
A-Z Keypad Blitz II
pecheneg
Multiple Oscar Actors
pecheneg
Mystery Phrase Blitz: Oscar 'Best Actors'
pecheneg
F. Scott Fitzgerald Novels
LTH
Pick 3 Villains
ddd62291
Trending Topics
Marvel
Kpop
Anime
Disney
Crossword
NBA
Harry Potter
Soccer
WWE
Song
The Office
Pokémon
NFL
Puzzle
Country
Your Account Isn't Verified!
In order to create a playlist on Sporcle, you need to verify the email address you used during registration. Go to your
Sporcle Settings
to finish the process.
Report this User
Report this user for behavior that violates our
Community Guidelines
.
Details:
Send Report
Go to the Sporcle.com Mobile Site →
Comments